000 01220nam a22003497a 4500
003 CHAP
005 20220817043214.0
008 971013s1979 r 00010 d
010 _a68537
011 _a69509
035 _a78986
040 _cCHAP
090 _aFolleto 12270
100 0 0 _aAlejandro González, Gloria.
_93749
245 _aAspectos sobre la producción y consumo de lana en México
260 _aMéxico, D.F. :
_bDirección General de Economía Agrícola,
_c1979
300 _a78 p.
_b: ilus.
490 _aEconotecnia Agrícola
_v; 43, No. 10
590 _aBATCH-UPD
_b10
_c20130110
_lUCH01
_h0226
590 _aBATCH-UPD
_b10
_c20130110
_lUCH01
_h2320
590 _aBATCH-UPD
_b10
_c20130409
_lUCH01
_h2248
590 _aBATCH-UPD
_b10
_c20130410
_lUCH01
_h1610
590 _aBATCH-UPD
_b10
_c20130914
_lUCH01
_h0006
590 _aCONVERSION
_b10
_c20130109
_lUCH01
_h1338
650 1 4 _aLana
_xIndustria
_xMéxico.
_964612
830 0 _aEconotecnia agricola
_v; 43, No. 10
901 _aBK
942 _cFOLL
949 _aFolleto 12270
_bBC
_cFOLL
_d-31863
_eTS1
_i78986
_si
949 _aFolleto 12270
_bBC
_cFOLL
_d-50990
_eTS2
_fc.2
_i78986
_si
949 _aFolleto 12270
_bBC
_cFOLL
_d-62259
_eTS2
_fc.3
_i78986
_si
999 _c68537
_d68537